000 00363 a2200109 4500
001 ART_46433
005 20260410161756.0
008 260409a
245 1 0 _aLos "nuevos" títulos valores en el impuesto a las ganancias después de la reforma
100 1 _aGarcía, Fernando D.
773 0 _tDoctrina tributaria
_g- N°459 (jun. 2018)
_wREV4296
999 _c20158
_d20158